000 01563nam a2200289Ia 4500
999 _c54795
_d54795
001 21864
003 GE_BSU
005 20220614173741.0
008 181216s ||||ge |||||||||||||| ||geo||
020 _a9781847105219
040 _cGE_BSU
080 _a657.15 ფ-59
245 _aფინანსური ანგარიშგება წიგნი F7 :
_bსრული ტექსტი /
_cწიგნის თარგმანზე და გამოცემაზე მუშაობდნენ : მთარგმნელი ბ. ალავერდაშვილი ; ექპერტი და რედ. ე. თევზაძე.
264 _aთბილისი :
_bდანი,
_c2010.
300 _a580 გვ. ;
_c29 სმ.
490 _aACCA ინგლისისა და უელსის ნაფიც სერტიფიცირებულ ბუღალტერთა ასოციაცია
520 _aპარალელელური სათაური ინგლისურ ენაზე
541 _h29ლ.50თ.
653 _aეკონომიკა
653 _aბუღალტერია
653 _aფინანსური ანგარიშგება
653 _aწიგნი F7
653 _aსრული ტექსტი
700 _aალავერდაშვილი, ბ.
_eმთარგმნელი
_914086
700 _aთევზაძე, ე.
_eრედაქტორი
_914087
942 _cBK
_2udc